000 00271nam a2200097Ia 4500
008 231207s9999 xx 000 0 und d
082 _a720.954
_bKHA
100 _aKhanna, Rahul
245 4 _aThe modern architecture of New Delhi 1928-2007
260 _bRandom House Publishers
999 _c27602
_d27602